00578nam a22001937a 450000500170000001000130001702000240003003500130005403700160006704000120008308200160009511000520011124500640016326000530022727000380028030000260031865000200034465000200036420170124110245.0 aB-209663 c1000.00a8186623760 aB-209663 bCen Lib/Ret aDPLbEN a664.06bFOO aDelhi.National Institute of Industrial Research aFood colours, flavours and additives technology hand book / aDelhibNational Institute of Industrial Research bDelhia106-E, Kamla Nagare110007 aiii,589p. c20cm(pbk) aColor of food.  aFood additives.